Olympische Götter - Statistiken

Allgemein
  • Dieses Quiz wurde 26.262 mal gespielt
  • Das Durchschnittsergebnis liegt bei 17 aus 40
Antwortstatistiken
Beschreibung Kultur Gott % Korrekt
König der Götter Griechisch Zeus
99%
Gott des Meeres Griechisch Poseidon
86%
Götterbote Griechisch Hermes
84%
Gott der Unterwelt Griechisch Hades
82%
Göttin der Liebe & Schönheit Griechisch Aphrodite
76%
Königin der Götter Griechisch Hera
76%
Kriegsgott Römisch Mars
70%
Gott des Meeres Römisch Neptun
70%
König der Götter Römisch Jupiter
69%
Kriegsgott Griechisch Ares
65%
Göttin der Weisheit Griechisch Athene
65%
Göttin der Liebe & Schönheit Römisch Venus
65%
Gott der Liebe Römisch Amor
56%
Götterbote Römisch Mercurius
53%
Gott des Lichtes Römisch Apollo
51%
Göttin der Jagd Griechisch Artemis
49%
Gott des Weines Griechisch Dionysos
47%
Gott der Unterwelt Römisch Pluto
44%
Gott der Schmiedekunst Griechisch Hephaistos
43%
Fruchtbarkeitsgöttin Griechisch Demeter
36%
Gott des Weines Römisch Bacchus
31%
Göttin der Jagd Römisch Diana
31%
Gott der Liebe Griechisch Eros
31%
Königin der Unterwelt Griechisch Persephone
30%
Hirtengott Griechisch Pan
29%
Gott des Lichtes Griechisch Apollon
28%
Königin der Götter Römisch Juno
28%
Göttin der Weisheit Römisch Minerva
22%
Heil- und Orakelgott Römisch Herkules
21%
Göttin des Herdfeuers Griechisch Hestia
20%
Heil- und Orakelgott Griechisch Herakles
19%
Gott der Medizin Griechisch Asklepios
16%
Gott der Schmiedekunst Römisch Vulcanus
15%
Fruchtbarkeitsgöttin Römisch Ceres
13%
Göttin des Herdfeuers Römisch Vesta
11%
Hirtengott Römisch Faunus
7%
Mundschenk der Götter Griechisch Hebe
7%
Königin der Unterwelt Römisch Proserpina
6%
Mundschenk der Götter Römisch Iuventas
3%
Gott der Medizin Römisch Veiovis
3%
Keine übereinstimmenden Quizze gefunden
Verteilung der Resultate
Anzahl Personen mit jedem Resultat
Perzentil nach korrekt beantworteten Fragen
Ihre Resultats-Entwicklung
Sie haben dieses Quiz noch nicht gespielt